Normal view
MARC view
Entry Personal Name
001 - CONTROL NUMBER
- control field: 28284
003 - CONTROL NUMBER IDENTIFIER
- control field: OSt
005 - DATE AND TIME OF LATEST TRANSACTION
- control field: 20211027164829.0
008 - FIXED-LENGTH DATA ELEMENTS
- fixed length control field: 211027|| aca||aabn | a|a d
040 ## - CATALOGING SOURCE
- Original cataloging agency: OSt
- Transcribing agency: OSt
100 ## - HEADING--PERSONAL NAME
- Personal name: Drupp, Moritz A. and Hansel, Martin C.
670 ## - SOURCE DATA FOUND
- Source citation: Work cat.: (OSt)517943: Drupp, Moritz A. and Hansel, Martin C. , Relative prices and climate policy: How the scarcity of nonmarket goods drives policy evaluation
